| 000 | 00627nam a22002057a 4500 | ||
|---|---|---|---|
| 003 | OSt | ||
| 005 | 20160701171340.0 | ||
| 008 | 160701b xxu||||| |||| 00| 0 eng d | ||
| 020 | _a9780120317646 | ||
| 020 | _a0120317648 | ||
| 040 | _cDNLM. | ||
| 082 | _aQZ140G51s 2007. | ||
| 100 |
_aEdited by Hay,S.I;Graham,A.J;Rodgers,D.J; _99914 |
||
| 245 |
_aGlobal Mapping of Infectious Diseases. _bMethods,Examples and Emerging applications. |
||
| 260 |
_aAmsterdam; _aBoston. _bElsevier. _c2007. |
||
| 300 |
_axvii,343p; _bill; _c24cm. |
||
| 504 | _aincludes references. | ||
| 650 |
_aInfectious Diseases. _92563 |
||
| 942 |
_2z _cO_SHELF |
||
| 999 |
_c4609 _d4609 |
||